Statistics for Premier League 21/22 matchweek 5 King of the match

Click here to take the quiz!

General Stats

  • This quiz has been taken 9 times
  • The average score is 6 of 10

Answer Stats

HintAnswer% Correct
West ham 1-2 Man UnitedCristiano Ronaldo
89%
Burnley 0-1 ArsenalMartin Odegaard
89%
Norwich 1-3 WatfordIsmaila Sarr
78%
Liverpool 3-0 Crystal PalaceMohamed Salah
78%
Newcastle 1-1 LeedsAllan Saint-Maximin
67%
Wolves 0-2 BrentfordIvan Toney
67%
Tottenham 0-3 ChelseaThiago Silva
67%
Aston Villa 3-0 EvertonLeon Bailey
56%
Man City 0-0 SouthamptonRuben Dias
22%
Brighton 2-1 LeicesterShane Duffy
22%

Score Distribution

Percentile by Number Answered

Percent of People with Each Score

Your Score History

You have not taken this quiz